000 00388nam a2200133Ia 4500
008 151001s9999||||xx |||||||||||||| ||und||
100 _aदत्तात्रय सदाशिव पुराणिक
245 _aसंचार एका कुंचल्याचा
250 _a1
260 _bमेघना
260 _c1985
300 _a92
365 _b21
999 _c969256
_d969253